000 00375nam a2200145Ia 4500
008 231129s2006||||xx |||||||||||||| ||spa||
020 _a958-04-8837-1
040 _bspa
082 _a(i) 843 G873s
100 _aGrobler Piet
245 0 _aSólo un sorbo!
260 _c2006
264 _aBogotá Colombia : Norma
942 _2ddc
_cBKS
999 _c24803
_d24803